00742nab a2200193uuc4500001000800000005001700008008004100025035001200066035002100078040001300099041000800112100005400120245005900174260001000233650005900243650007000302650002300372773015300395119923520240223090033.0100506s2009 spa  a1199235 a(OCoLC)820540479 ccomduadb aspa10aVilà Vernis, Ramón4aut0(viaf)169566854eaut10aPlatón en la caverna : una lectura peicerna del mito c2009. aPlatón, 427?-348 a.C. - Crítica e interpretación aPeirce, Charles Sanders, 1839-1914 - Crítica e interpretación 7aDialéctica2lemb0 tContrastes : Revista Internacional de Filosofía (Málaga)gVolumen 14, Número 01-02, Enero-Diciembre 2009, p. 241-255w126757x1136-9922071814